000 00845nam a2200337 a 4500
003 AR-BaBNM
005 20251128203056.0
008 082120s2002 ||||||||||||||000 | spa||
020 _a87491-905-3
040 _cAR-BaBNM
100 1 _aCeausescu, Nicolae
245 0 0 _aAn independent foreign policy for peace and cooperation
260 _aWashington, D.C.
_bAcropolis
_c1987
300 _a211 p.
_bláms., il.
650 4 _aDEMOGRAFIA
650 4 _aSOCIEDAD
650 4 _aECONOMIA
650 4 _aCIENCIAS POLITICAS
650 4 _aHISTORIA EUROPEA
650 4 _aHISTORIA MEDIEVAL
650 4 _aHISTORIA MODERNA
650 4 _aFEUDALISMO
650 4 _aGUERRA
650 4 _aGUERRAS MUNDIALES
650 4 _aSOCIALISMO
651 4 _aRumania
651 4 _aEuropa
700 1 _aHartke, Vance
942 _cBK
998 _cmariana
999 _c1771
_d1771